Righting a housing wrong (Record no. 80246)

MARC details
000 -LEADER
fixed length control field 01420cab a22002655a 4500
001 - CONTROL NUMBER
control field L143612
008 - FIXED-LENGTH DATA ELEMENTS--GENERAL INFORMATION
fixed length control field 080521e20080509xxk f 000 0 eng d
035 ## - SYSTEM CONTROL NUMBER
System control number (Sirsi) u143612
041 0# - LANGUAGE CODE
Language code of text/sound track or separate title eng
100 1# - MAIN ENTRY--PERSONAL NAME
Personal name Davey, Francis
245 00 - TITLE STATEMENT
Title Righting a housing wrong
260 ## - PUBLICATION, DISTRIBUTION, ETC.
Date of publication, distribution, etc. 2008
490 ## - SERIES STATEMENT
Series statement New Law Journal
Volume/sequential designation 158(7320) 9 May 2008, 656(1)
520 ## - SUMMARY, ETC.
Summary, etc. Reports on the government's proposed amendments to the Housing and Regeneration Bill aimed at correcting post-tenancy problems. A number of former council tenants are likely to become tolerated trespassers. Such tenants lose their right to buy as well as repair and service rights. Housing Act provisions do permit courts the discretion to restore previous rights. However there are significant problems with this arrangement, described here. The government's solution will prevent tenancies from ending by continuing the full legal obligation to pay rent when in occupation. Also details corrections aimed at those currently in a state of tolerated trespass.
590 ## - LOCAL NOTE (RLIN)
Local note KA
650 24 - SUBJECT ADDED ENTRY--TOPICAL TERM
Topical term or geographic name entry element BURROWS V BRENT LBC
650 24 - SUBJECT ADDED ENTRY--TOPICAL TERM
Topical term or geographic name entry element AUSTIN V SOUTHWARK LBC
650 24 - SUBJECT ADDED ENTRY--TOPICAL TERM
Topical term or geographic name entry element SWINDON BC V ASTON
650 24 - SUBJECT ADDED ENTRY--TOPICAL TERM
Topical term or geographic name entry element HOUSING ACT 1985 S85
650 24 - SUBJECT ADDED ENTRY--TOPICAL TERM
Topical term or geographic name entry element HOUSING ACT 1996 S127
650 24 - SUBJECT ADDED ENTRY--TOPICAL TERM
Topical term or geographic name entry element HOUSING AND REGENERATION BILL 2007-08
651 #4 - SUBJECT ADDED ENTRY--GEOGRAPHIC NAME
Geographic name United Kingdom
Chronological subdivision
690 ## - LOCAL SUBJECT ADDED ENTRY--TOPICAL TERM (OCLC, RLIN)
Topical term or geographic name as entry element PROPERTY-RESIDENTIAL PROPERTY-RESIDENTIAL LANDLORD AND TENANT-RESIDENTIAL TENANCIES
942 ## - ADDED ENTRY ELEMENTS (KOHA)
Suppress in OPAC 0
Holdings
Withdrawn status Lost status Source of classification or shelving scheme Damaged status Not for loan Home library Current library Shelving location Date acquired Total Checkouts Full call number Barcode Date last seen Copy number Price effective from Koha item type
    Dewey Decimal Classification     London London Journal article 21/05/2008   L143612 143612-1001 06/08/2019 1 06/08/2019 Journal article